000
00252nam a2200109Ia 4500
008
190914s9999||||xx |||||||||||||| ||und||
100
_a
Hoff, Arthur Van
245
0
_a
Hooked On Java
260
_a
New Delhi
_b
Addison
_c
2001
300
_a
2002
942
_c
BK
999
_c
9334
_d
9334